| 000 | 01488nam a2200289Ia 4500 | ||
|---|---|---|---|
| 005 | 20260324134803.0 | ||
| 008 | 008 260324s9999 xx 000 0 eng d | ||
| 020 | _a9781315149790 | ||
| 037 | _aEBOOK | ||
| 040 | _aCRL | ||
| 040 | _beng | ||
| 040 | _cCRL | ||
| 041 | _2eng | ||
| 041 | _aeng | ||
| 084 | _qCRL | ||
| 100 |
_aStergios Stergiopoulos; Richard C. Dorf; Bernard E. McTaggart; Konstantinos N. Plataniotis; Nicolaos Mouravliansky; Dimitrios Hatzinakos; R. Lynn Kirlin; Grigoris Karangelis; Andreas Pommert; Sanjay Meta; Aaron Fenster; Donal Downey; Charles A. McKenzie; Rebecca Thornhill; Gerald Moran; George Mastsopoulos; Konstantinos K. Delibasis; Nikolaos ZamboglOU; Christos Kolotas; Natasa Milickovic; George K. Matsopoulos; Nikolaos Zamboglou; Alexander D. Poularikas; James V. Candy; Georgios Sakas; Nikolaos Uzunoglu; Frank Prato; Harry E. Martz; N. Ross Chapman; James Ward; Ting-Yim Lee; Edmund Sullivan; Arnulf Oppelt; Wolfgang Koch; Klaus Becker; Geoff Edelson; John M. Reid; Andreas Antoniou; Ian Cunningham; Cliff Carter; Pan Agathoklis; Simon Haykin; Reza M. Dizaji _91198156 |
||
| 245 | 0 | _aAdvanced Signal Processing Handbook | |
| 245 | 0 | _bTheory and Implementation for Radar, Sonar, and Medical Imaging Real Time Systems | |
| 260 | _bTaylor and Francis | ||
| 260 | _c2001 | ||
| 365 | _a | ||
| 365 | _b760 | ||
| 856 | _uhttp://www.taylorfrancis.com/books/9781315149790 | ||
| 942 | _cEBOOK | ||
| 999 |
_c1798580 _d1798580 |
||